000 00833cab a2200217 4500
001 ABS44755
008 090401t1991 xxu||||| |||| 00| 0 eng d
035 _a(Sirsi) u48917
041 _aeng
100 _aAarons, L.
245 _aValuation of restaurants
260 _c1991
350 _a0
490 _aJournal of Property Valuation and Investment
_v9(3) Spring 1991, 241-246(6)
520 _aConsiders the close regard which must be paid to the legal framework within which restaurants must operate, particularly town planning and licensing , when assessing their value. Questions the traditional zoning approach and shows a preference for a more universally applicable overall approach.
650 _aRENT REVIEWS
650 _aValuation
_96273
690 _aRATING AND VALUATION
942 _n0
948 _c04/03/1997
999 _c30693
_d30693